| 000 | 00410nam a2200133Ia 4500 | ||
|---|---|---|---|
| 008 | 220216s9999 xx 000 0 und d | ||
| 100 | _aRajora O P | ||
| 245 | 0 | _aChloroplast DNA variation in Populus. III. Novel chloroplastDNA variants in natural Populus x canadensis hybrids | |
| 260 |
_bTheoretical and Applied Genetics _c1995 |
||
| 300 | _a331-334 | ||
| 650 | _aRFLP | ||
| 700 | _aDancik B P | ||
| 942 | _cJS | ||
| 999 |
_c55582 _d55582 |
||